| 000 | 01335nab a2200241 i 4500 | ||
|---|---|---|---|
| 001 | 768714001 | ||
| 003 | CO-MdFUSB | ||
| 005 | 20240618142306.0 | ||
| 008 | 240618t1990 us ||||| |||| 00| 0 eng d | ||
| 040 |
_bspa _cCO-MdFUSB _dCO-MdFUSB |
||
| 041 | _aeng | ||
| 100 |
_aThomas, Norman E., _eautor |
||
| 245 |
_aGlobalization and the teaching of mission _c/ Norman E. Thomas |
||
| 520 | _aLa Asociación de Escuelas Teológicas de América del Norte ha adoptado la “globalización” como el principal énfasis del programa para los años noventa. Este es un análisis de las nuevas oportunidades que surgen para la misionología y el misionólogo dentro de los seminarios teológicos norteamericanos. La misionología puede pasar de la periferia al núcleo integrador del plan de estudios teológico, relacionando la globalización con la tarea central de la iglesia y su ministerio de estar en misión. | ||
| 546 | _aTexto en inglés. | ||
| 630 | 0 | _aEcumenismo e humanismo, | |
| 650 | 0 |
_aMisiones _9154 |
|
| 650 | 7 |
_aAntropología cultural y social _96714 |
|
| 650 | 7 |
_aTeología pastoral y unidad cristiana _97183 |
|
| 773 | 0 |
_049486 _982779 _d Pasadena _oR2654 _tMissiology: _w(CO-MdFUSB)97 _gVolumen 18, (número 1, 1990) páginas: 13 - 24 _qpágina: 13 |
|
| 942 | _cANA | ||
| 945 | _aCatherine Arias Álvarez - Practicante SENA | ||
| 999 |
_c70258 _d70258 |
||